Żeńskie Imiona na literę S - Statystyki

Ogólne statystyki
  • Ten quiz został rozwiązany 328 razy
  • Średni wynik to 7 z 20
Statystyki odpowiedzi
Imiona % Poprawnych
Sylwia
78%
Sandra
77%
Stanisława
76%
Sara
67%
Sabina
64%
Sonia
53%
Stefania
47%
Samanta
41%
Sławomira
38%
Sabrina
37%
Szymona
24%
Stella
17%
Samuela
16%
Sebastiana
15%
Sława
14%
Serafina
11%
Seweryna
11%
Sobiesława
7%
Szczęsna
2%
Sierosława
1%
Nie znaleziono quizów pasujących do podanych kryteriów
Rozkład punktacji
Procent ludzi z każdym wynikiem
Percentyl według liczby udzielonych odpowiedzi
Twoja historia wyników
Nie rozwiązałeś tego quizu